Mnemosyne : the parallel between literature and the visual arts /
Guardado en:
| Autor Principal: | |
|---|---|
| Formato: | Libro |
| Publicado: |
London :
Oxford University Press,
1970
|
| Materias: | |
| Etiquetas: |
Agregar Etiqueta
Sin Etiquetas, Sea el primero en etiquetar este registro!
|
| LEADER | 00644nam a22001815a 4500 | ||
|---|---|---|---|
| 001 | EHU.bham006813 | ||
| 003 | AR-BHAM | ||
| 005 | 20090702144102.0 | ||
| 008 | 130507s1970##################000#0#####d | ||
| 082 | 8 | 0 | |a 804 |
| 100 | 1 | |a Praz, Mario | |
| 245 | 1 | 0 | |a Mnemosyne : |b the parallel between literature and the visual arts / |c Mario Praz. |
| 260 | |a London : |b Oxford University Press, |c 1970 | ||
| 300 | |a 261 p. | ||
| 653 | |a Literatura-ensayos | ||
| 859 | |a AR-BHAM |b BIB. HUMANIDADES - General |h 804 |i P899 |p 41.71 |t Ej.1 | ||
| 859 | |a AR-BHAM |b BIB. HUMANIDADES - General |h 804 |i P899 |p 662.30 |t Ej.1 | ||
| 859 | |a AR-BHAM |b BIB. HUMANIDADES - General |h 804 |i P899 |p 931.30 |t Ej.1 | ||
